000 00359nam a2200133Ia 4500
005 20260328104340.0
008 260328s9999||||xx |||||||||||||| ||und||
100 _aJapan Package Design Association
245 0 _aPackage Design In Japan 2005 /
_cJapan Package Design Association
260 _bRikuyosha
300 _a250 p.
650 _aOBJETOS
942 _cBK
999 _c12071
_d12071